Bankovní franchisa - dobrý sluha, špatný pán

Reakcia bánk na zrútenie finančného trhu. Banková franšíza, alebo outsourcing predaja a obsluhy. Pravidlá franšízy. Výhody bankovej franšízy.

Gespeichert in:
Bibliographische Detailangaben
1. Verfasser: Vosoba, Pavel
Format: Buchkapitel
Sprache:Tschechisch
Schlagworte:
Tags: Tag hinzufügen
Keine Tags, Fügen Sie das erste Tag hinzu!

MARC

LEADER 00000naa a2200000 4500
001 0117450
005 20231213140035.1
041 0 |a cze 
044 |a CZ 
245 1 0 |a Bankovní franchisa - dobrý sluha, špatný pán  |c Pavel Vosoba 
520 |a Reakcia bánk na zrútenie finančného trhu. Banková franšíza, alebo outsourcing predaja a obsluhy. Pravidlá franšízy. Výhody bankovej franšízy. 
610 2 0 |a franšíza 
610 2 0 |a franchising 
610 2 0 |a banky 
610 2 0 |a klienti 
610 2 0 |a trh finančný 
100 1 |a Vosoba, Pavel